| 000 | 00621nam a2200181 a 4500 | ||
|---|---|---|---|
| 020 | _a1561733202 | ||
| 082 |
_a030 _bPUB _cL-NUST, P-47 |
||
| 245 | 0 | 0 | _aPeople, places & things. |
| 260 |
_aLincolnwood, Ill. : _bPublications International, _c1992. |
||
| 300 |
_a32 p. : _bcol. ill. ; _c29 cm. |
||
| 500 | _aAt head of title: Encyclopaedia Britannica. | ||
| 500 | _aIncludes index. | ||
| 526 |
_a0 _b0 _c0 _d030_000000000000000_PUB |
||
| 650 | 0 |
_aChildren's encyclopedias and dictionaries. _97168 |
|
| 650 | 1 |
_aEncyclopedias and dictionaries. _97170 |
|
| 710 | 2 |
_aPublications International, Ltd. _946847 |
|
| 942 |
_2ddc _cBK |
||
| 999 |
_c550097 _d550097 |
||